000 01342nam a2200349 i 4500
999 _c68857
_d68857
001 68857
003 Mx-PuUPA
005 20220302075614.0
008 200420s20 2016mx a br 001 1 spa d
020 _a9786072421707
022 _a9789687791760 de la colección El barco de vapor
040 _aMx-PuUPA
_bspa
_cMx-PuUPA
_dMx-PuUPA
_erda
041 0 _aspa
100 1 _910737
_aDehesa, Juana Inés,
_d1977-
_eautor
245 _aAlicia, la piñata y una serie de problemas /
_cJuana Inés Dehesa ; ilustraciones de Mariana Villanueva Segovia.
250 _aSegunda edición
264 3 1 _aCiudad de México :
_bEdiciones SM,
_c2016
300 _a142 páginas :
_bilustraciones,
_c19 cm.
336 _2rdacontent
_atexto
_btxt
337 _2rdamedia
_asin medio
_bn
338 _2rdacarrier
_avolumen
_bnc
490 1 _aEl barco de vapor. Naranja ;
_v68 M
_x9789687791760
650 1 4 _aLiteratura mexicana
_vFicción infantil
650 1 4 _aHumor
_vFicción infantil
650 1 4 _aFiestas infantiles
_vFicción infantil
700 1 _aVillanueva Segovia, Mariana,
_eilustrador
830 3 _aEl barco de vapor.
_pNaranja ;
_v68 M
_x9789687791760
942 _2ddc
_cLI
_h808.8035234
_iB2968